000 00546nam a2200145Ia 4500
008 151213s9999 xx 000 0 und d
100 _aপ্রথম চেীধুরী ।
245 _aপ্রবন্ধ সংগ্রহ।
_cপ্রথম চেীধুরী ।
260 _aকলিকাতা
_bবিশ্বভারতী গ্রন্থালয়।
_c1952-1957
300 _a9279 p.
650 _aBangla
650 _aপ্রবন্ধ
700 _aপ্রথম চেীধুরী ।
999 _c4745
_d4745